Donaha! režisér Bednárik donútil divákov vdržať takmer tri hodiny

Bibliographic Details
Main Author: Boronkayová, Felícia (Author)
Format: Article
Language:Slovak
PhysicalDescription:Fotogr.
ISSN:0139-6323
Subjects:

MARC

LEADER 00000nab a2200000 a 4500
001 vtls000887459
003 SK-MaSNL
005 20260302165748.0
008 040806c2004 xo 0 slo
015 |a SNBRB2004/10-29471 
035 |a CLN000238894 
040 |a SNKBUCL  |b slo  |c SNKBUCL  |e AACR2 
041 0 |a slo 
044 |a xo  |c SK 
080 |a 792.57  |x (048)  |2 1997 
100 1 |a Boronkayová, Felícia  |4 aut  |9 838746 
245 1 0 |a Donaha!  |b režisér Bednárik donútil divákov vdržať takmer tri hodiny  |c Felícia Boronkayová 
300 |b Fotogr. 
630 0 7 |a Donaha! (muzikál)  |2 snkbucl  |9 870932 
655 7 |a recenzie  |2 snkbucl  |9 21907 
773 0 |x 0139-6323  |t Život  |g Roč. 54, č. 39 (2004), s. 54-55 
850 |a Slovenská národná knižnica v Martine 
852 |a SNK  |b KIS3GCP 
958 |a RC 
999 |c 1390913  |d 1392843